000 00916cam a22002415a 4500
001 L159291
008 160513s2016 xxk f 000 0 eng d
020 _a9783658117399
035 _a(Sirsi) u159291
041 0 _aeng
100 1 _aReichardt, Alexander
245 0 0 _aSustainability in commercial real estate markets
_h[electronic resource]
260 _aNew York
_bSpringer Verlag
_c2016
520 _aFocuses on sustainability issues in commercial real estate markets. Looks at sustainability certification and rating of commercial buildings together with operating costs and the effect on rental premiums.
590 _aKA
650 2 4 _aEBOOK
651 4 _aInternational
690 _aSustainability
_96271
690 _aEnergy
_96237
690 _aCommercial property
_96227
856 4 0 _uhttps://www.vlebooks.com/
_zView on VLEbooks. Logins for members only from [email protected]
942 _n0
999 _c115783
_d115783